MyGZULibrary

B. Burombo : (Record no. 10327)

MARC details
000 -LEADER
fixed length control field 01098cam a2200337 a 4500
001 - CONTROL NUMBER
control field 4849796
003 - CONTROL NUMBER IDENTIFIER
control field GZU
005 - DATE AND TIME OF LATEST TRANSACTION
control field 20220216145918.0
008 - FIXED-LENGTH DATA ELEMENTS--GENERAL INFORMATION
fixed length control field 931130s1989 rh a b 001 0beng d
010 ## - LIBRARY OF CONGRESS CONTROL NUMBER
LC control number 90981842
020 ## - INTERNATIONAL STANDARD BOOK NUMBER
International Standard Book Number 0869258311
035 ## - SYSTEM CONTROL NUMBER
System control number (OCoLC)24146560
040 ## - CATALOGING SOURCE
Original cataloging agency MiEM
Transcribing agency MiEM
Modifying agency FU
-- MBU
-- DLC
042 ## - AUTHENTICATION CODE
Authentication code lccopycat
043 ## - GEOGRAPHIC AREA CODE
Geographic area code f-rh---
050 04 - LIBRARY OF CONGRESS CALL NUMBER
Classification number DT2975.
Item number BHE 1989
100 1# - MAIN ENTRY--PERSONAL NAME
Personal name Bhebe, Ngwabi.
Relator term author
245 10 - TITLE STATEMENT
Title B. Burombo :
Remainder of title African politics in Zimbabwe, 1947-1958 /
Statement of responsibility, etc. Ngwabi Bhebe.
260 ## - PUBLICATION, DISTRIBUTION, ETC.
Place of publication, distribution, etc. Harare, Zimbabwe :
Name of publisher, distributor, etc. College Press,
Date of publication, distribution, etc. 1989.
300 ## - PHYSICAL DESCRIPTION
Extent 160 p. :
Other physical details ill. ;
Dimensions 21 cm.
500 ## - GENERAL NOTE
General note Spine title: Benjamin Burombo.
500 ## - GENERAL NOTE
General note Includes index.
504 ## - BIBLIOGRAPHY, ETC. NOTE
Bibliography, etc. note Includes bibliographical references (p. 150-157).
600 10 - SUBJECT ADDED ENTRY--PERSONAL NAME
Personal name Burombo, Benjamin,
Dates associated with a name 1909-1958.
651 #0 - SUBJECT ADDED ENTRY--GEOGRAPHIC NAME
Geographic name Zimbabwe
General subdivision History
Chronological subdivision 1890-1965.
651 #0 - SUBJECT ADDED ENTRY--GEOGRAPHIC NAME
Geographic name Zimbabwe
General subdivision Politics and government
Chronological subdivision 1890-1965.
740 0# - ADDED ENTRY--UNCONTROLLED RELATED/ANALYTICAL TITLE
Uncontrolled related/analytical title Benjamin Burombo.
740 0# - ADDED ENTRY--UNCONTROLLED RELATED/ANALYTICAL TITLE
Uncontrolled related/analytical title African politics in Zimbabwe, 1947-1958.
906 ## - LOCAL DATA ELEMENT F, LDF (RLIN)
a 7
b cbc
c copycat
d 3
e ncip
f 19
g y-gencatlg
942 ## - ADDED ENTRY ELEMENTS (KOHA)
Source of classification or shelving scheme Library of Congress Classification
Koha item type Books
Classification part 2975
Item part BHE
Call number prefix DT
Holdings
Withdrawn status Lost status Source of classification or shelving scheme Damaged status Not for loan Collection code Home library Current library Shelving location Date acquired Total Checkouts Full call number Barcode Date last seen Date last checked out Copy number Price effective from Koha item type
    Library of Congress Classification     Non-fiction City Campus Library City Campus Library General Stacks 02/16/2022 5 DT2975 BHE 1989 031922 08/03/2022 06/30/2022 c. 1 02/16/2022 Books